000 00305nam a2200133Ia 4500
008 231129s1981||||xx |||||||||||||| ||spa||
040 _bspa
082 _aCo863 ó65L
100 _aOrdoñez Caballero Alvaro
245 0 _aLenguaje de silencios
260 _c1981
264 _as.l.]
942 _2ddc
_cBKS
999 _c19123
_d19123